000 00472pab a2200169 454500
008 180718b2011 xxu||||| |||| 00| 0 eng d
100 _aBanerjee, Sumanta
245 _aWest Bengal's next quinquennium, and the future of the Indian left
260 _c2011
300 _ap.14-19.
362 _a4 Jun
650 _aWest Bengal - Politics and government
650 _aPolitics and government
773 _aEconomic and Political Weekly
908 _aN
909 _a91944
999 _c91944
_d91944